Lyrics : Story of my Life - One Direction - Statistics

General Stats
  • This quiz has been taken 202 times
  • The average score is 259 of 322
Answer Stats
Answer % Correct
I
100%
my
100%
story
100%
life
99%
of
99%
the
99%
The
99%
to
93%
night
92%
all
91%
her
91%
home
91%
in
91%
take
91%
drive
88%
keep
88%
is
87%
And
86%
can't
86%
it
86%
It
86%
that
86%
frozen
85%
warm
84%
She
82%
she
82%
time
81%
be
80%
on
80%
walls
80%
I'll
77%
explain
76%
are
75%
stories
75%
these
75%
tonight
75%
Written
75%
written
75%
but
74%
But
74%
gone
74%
its
73%
open
73%
heart
72%
me
71%
you
71%
for
70%
morning
70%
until
68%
between
67%
feel
67%
leave
67%
Leave
67%
nothin'
67%
so
67%
this
67%
told
67%
been
66%
between
66%
days
66%
don't
66%
tight
66%
here
65%
stays
65%
way
65%
about
64%
broke
64%
empty
64%
feet
64%
inside
64%
love
64%
right
64%
same
64%
she's
64%
bones
63%
holdin'
63%
too
63%
spend
62%
when
62%
see
61%
us
60%
I've
59%
give
58%
like
58%
With
57%
die
56%
wide
56%
will
56%
seems
55%
stone
55%
beneath
54%
change
54%
words
54%
after
53%
chasin'
53%
runnin'
52%
around
51%
baby
51%
clouds
51%
ground
51%
know
51%
come
50%
hope
50%
cage
49%
colors
47%
waiting
46%
broken
44%
still
43%
up
42%
am
40%
light
39%
burnin'
38%
fire
35%
Although
34%
bright
31%
hill
27%
untamed
23%
No matching quizzes found
Score Distribution
Percent of People with Each Score
Percentile by Number Answered
Your Score History
You have not taken this quiz